Szczegóły MARC21

Polska : atlas samochodowy /

001 -Numer Kontrolny Rekordu [,]
    • @
    • pole kontrolne
    • xx001427656
003 -Nazwa instytucji, której n kontrolny jest w polu 001 [,]
    • @
    • Nazwa instytucji, której n kontrolny jest w polu 001
    • NUKAT
005 -DATA I CZAS OSTATNIEJ MODYFIKACJI [,]
    • @
    • pole kontrolne
    • 20241231090431.0
007 -Forma fizyczna dok. kartograficznego/obrazu teledetekcyjnego [,]
    • @
    • Dane kontrolne - forma fizyczna
    • ad canun
008 -ELEMENTY DANYCH STAŁEJ DŁUGOŚCI [,]
    • @
    • pole kontrolne
    • 091001s2005 pl g e | 1 pol c
020 -Międzynarodowy znormalizowany numer książki - ISBN [ , ]
    • a
    • Numer ISBN
    • 8373295062 Find
034 -Zakodowane dane matematyczne [1, ]
    • a
    • Kod miary skali
    • a
    • b
    • Skala pozioma
    • 220000
034 -Zakodowane dane matematyczne [1, ]
    • a
    • Kod miary skali
    • a
    • b
    • Skala pozioma
    • 110000
034 -Zakodowane dane matematyczne [1, ]
    • a
    • Kod miary skali
    • a
    • b
    • Skala pozioma
    • 27000
040 -Instytucja sporządzająca opis [ , ]
    • a
    • Instytucja, która sporządziła opis (NP)
    • KIEL 010/JR
    • c
    • Instytucja, która sporządziła rekord (NP)
    • KIEL 010/JR
    • d
    • Instytucja, która zmodyfikowała rekord (P)
    • KIEL 010/JR
    • d
    • Instytucja, która zmodyfikowała rekord (P)
    • KIEL 010/HLs
    • d
    • Instytucja, która zmodyfikowała rekord (P)
    • WR U/kesz
    • d
    • Instytucja, która zmodyfikowała rekord (P)
    • SZCZ U/KP
041 -Język dokumentu [0, ]
    • a
    • Język tekstu (P)
    • polski
    • a
    • Język tekstu (P)
    • angielski
    • a
    • Język tekstu (P)
    • francuski
    • a
    • Język tekstu (P)
    • niemiecki
942 -Rodzaj dokumentu [ , ]
    • c
    • Rodzaj dokumentu
    • Kartografia-mapy,atlasy
245 -Strefa tytułu i oznaczenia odpowiedzialności [0,0]
    • a
    • Tytuł
    • Polska : Find
    • b
    • Ciąg dalszy tytułu (NP)
    • atlas samochodowy / Find
    • c
    • Pozostałe elementy strefy tytułu i oznaczenia odpowiedzialności (NP)
    • red. : Beata Konopska, Michał Starzewski.
246 -Wariant tytułu [1,4]
    • a
    • Tytuł (NP)
    • Polska : 2005 : atlas samochodowy Find
255 -Strefa danych matematycznych [ , ]
    • a
    • Strefa danych matematycznych
    • Skala 1:220 000.
255 -Strefa danych matematycznych [ , ]
    • a
    • Strefa danych matematycznych
    • Skala 1:110 000.
255 -Strefa danych matematycznych [ , ]
    • a
    • Strefa danych matematycznych
    • Skala 1:27 000.
260 -Strefa adresu wydawniczego [ , ]
    • a
    • Miejsce wydania (P)
    • Warszawa :
    • b
    • Nazwa wydawcy (P)
    • Polskie Przedsiębiorstwo Wydawnictw Kartograficznych,
    • c
    • Data wydania (P)
    • 2005.
300 -Strefa opisu fizycznego [ , ]
    • a
    • Określenie formy książki i/lub objętość (NP)
    • 1 atlas ([2], IV, 362 s.) :
    • b
    • Oznaczenie ilustracji (NP)
    • mapy kolor. ;
    • c
    • Format (NP)
    • 31 cm.
336 -Typ zawartości [ , ]
    • a
    • Termin opisujący typ zawartości
    • Mapa 2D
    • b
    • Kod określający zawartość
    • cri
    • 2
    • Źródło
    • rdacontent
337 -Typ medium [ , ]
    • a
    • Tryb odtwarzania
    • Bez urządzenia pośredniczącego
    • b
    • Kod typu mediów
    • n
    • 2
    • Źródło (termin i kod)
    • rdamedia
338 -Typ nośnika [ , ]
    • a
    • Termin określający typ nośnika
    • Wolumin
    • b
    • Kod określający typ nośnika
    • nb
    • 2
    • Źródło (termin i kod)
    • rdacarrier
490 -Strefa serii i książki wielotomowej - forma nie do wyszukiwania [1, ]
    • a
    • Tytuł (P)
    • Copernicus
830 -Hasło dodatkowe serii i opisu książki wielotomowej - tytuł ujednolicony/tytuł [ ,0]
    • a
    • Tytuł ujednolicony/tytuł (NP)
    • Copernicus
    • 9
    • KHW
    • 77806
500 -Uwaga ogólna [ , ]
    • a
    • Uwaga ogólna (NP)
    • Na okł. inform. o zawartości: Tablice szlaków drogowych ; Szczegółowe mapy aglomeracji ; Plany 61 miast.
500 -Uwaga ogólna [ , ]
    • a
    • Uwaga ogólna (NP)
    • Nr kat. 33-008-12-01.
504 -Uwaga dot. bibliografii załącznikowej [ , ]
    • a
    • Uwaga dot. bibliografii załącznikowej
    • Indeks miejscowości s. 295-358.
546 -Uwaga dot. języka [ , ]
    • a
    • Uwaga dot. języka
    • Legenda w jęz. pol., ang. fr. i niem.
651 -Hasło przedmiotowe w formie nazwy geograficznej [ ,7]
    • a
    • Nazwa geograficzna
    • Polska
    • v
    • Określnik formalny
    • mapy.
    • 2
    • Źródło terminu
    • kaba
    • 9
    • KHW
    • 359579
655 -Hasło przedmiotowe - forma [ ,7]
    • a
    • Hasło - forma
    • Atlasy dróg
    • y
    • Określnik chronologiczny
    • 1990-.
    • 2
    • Źródło terminu
    • kaba
    • 9
    • KHW
    • 373690
700 -Hasło dodatkowe - nazwa osobowa [1, ]
    • a
    • Nazwa osobowa (NP)
    • Konopska, Beata. Find
    • e
    • Określenie rodzaju współpracy (NP)
    • Red.
    • 9
    • KHW
    • 45
700 -Hasło dodatkowe - nazwa osobowa [1, ]
    • a
    • Nazwa osobowa (NP)
    • Starzewski, Michał. Find
    • e
    • Określenie rodzaju współpracy (NP)
    • Red.
    • 9
    • KHW
    • 72288
710 -Hasło dodatkowe - nazwa ciała zbiorowego [2, ]
    • a
    • Nazwa ciała zbiorowego lub nazwa geograficzna jako pierwszy element (NP)
    • Polskie Przedsiębiorstwo Wydawnictw Kartograficznych im. Eugeniusza Romera.
    • 4
    • Kod relacji
    • pbl
    • 9
    • KHW
    • 77805
920 -ISBN [ , ]
    • a
    • ISBN
    • 83-7329-506-2 Find
Cena Kod kreskowy Sygnatura Data wprowadzenia opisu Akcesja Data inwentaryzacji Kierowanie Numer inwentarzowy Sposób nabycia Status udost.
40.002001200185267T.185262014-11-2614d598/82014-12-02TT.18526d1